[Event "IECG QN.2005.0.00350 email"]
[Site "IECG email"]
[Date "2005.01.27"]
[Round "?"]
[White "Raichmann, Nadav"]
[Black "Sell, Phil"]
[Result "0-1"]
[WhiteElo "691"]
[BlackElo "928"]
[PlyCount "58"]
[EventDate "2005.01.27"]
[EventType "tourn (corr)"]
[EventRounds "6"]
[SourceTitle "Corr 2008"]
[Source "ChessBase"]
[SourceDate "2008.06.24"]
[SourceVersion "1"]
[SourceVersionDate "2008.06.24"]
[SourceQuality "1"]

1. e4 e5 2. Nf3 Nc6 3. Bb5 d6 4. d4 Bd7 5. Nc3 exd4 6. Nxd4 Nf6 7. 0-0 Be7 8. h3 0-0 9. Be3 d5 10. exd5 Nxd4 11. Bxd7 Nxc2 12. Qxc2 Qxd7 13. Rfd1 Bd6 14. Qa4 Qf5 15. f4 Rfe8 16. Qd4 b6 17. Qd2 Ne4 18. Nxe4 Rxe4 19. Rf1 Rxe3 20. Qxe3 Bc5 21. Qxc5 bxc5 22. Rae1 Qxd5 23. b3 Kf8 24. Rd1 Qf5 25. g4 Qc2 26. Ra1 Re8 27. Rf2 Re2 28. Rxe2 Qxe2 29. Rf1 Qxa2 0-1

[Event "IECG QN.2004.0.00333"]
[Site "IECG email"]
[Date "2004.08.01"]
[Round "?"]
[White "Hendershot, Paul"]
[Black "Sell, Phil"]
[Result "0-1"]
[WhiteElo "703"]
[BlackElo "937"]
[PlyCount "70"]
[EventDate "2004.08.01"]
[EventType "tourn (corr)"]
[EventRounds "6"]
[SourceTitle "Corr 2008"]
[Source "ChessBase"]
[SourceDate "2008.06.24"]
[SourceVersion "1"]
[SourceVersionDate "2008.06.24"]
[SourceQuality "1"]

1. e4 c5 2. Bc4 Nc6 3. d3 e5 4. Qf3 Nf6 5. c3 d6 6. Bg5 Be7 7. Nd2 0-0 8. Ne2 Ng4 9. Bxe7 Qxe7 10. h3 Nf6 11. 0-0 Na5 12. Ng3 Nxc4 13. dxc4 b6 14. Nf5 Bxf5 15. exf5 Rad8 16. Ne4 Nxe4 17. Qxe4 Qg5 18. Rad1 Rfe8 19. g3 h5 20. Rd3 g6 21. fxg6 Qxg6 22. Qe2 f5 23. Rfd1 Re6 24. Kh2 Qg5 25. f4 Qg6 26. fxe5 Rde8 27. Rg1 Rxe5 28. Qf3 Kh7 29. Rg2 R8e6 30. Qa8 Qf7 31. Qb8 Re2 32. Rd2 Rxd2 33. Rxd2 f4 34. g4 f3 35. Qd8 Qf4+ 0-1

[Event "IECG QN.2004.0.00333"]
[Site "IECG email"]
[Date "2004.08.01"]
[Round "?"]
[White "Sell, Phil"]
[Black "Hendershot, Paul"]
[Result "1/2-1/2"]
[WhiteElo "937"]
[BlackElo "703"]
[PlyCount "99"]
[EventDate "2004.08.01"]
[EventType "tourn (corr)"]
[EventRounds "6"]
[SourceTitle "Corr 2008"]
[Source "ChessBase"]
[SourceDate "2008.06.24"]
[SourceVersion "1"]
[SourceVersionDate "2008.06.24"]
[SourceQuality "1"]

1. d4 d5 2. c4 dxc4 3. Nf3 Nf6 4. e3 b5 5. b3 cxb3 6. Qxb3 a6 7. Nc3 e6 8. a3 Bd6 9. e4 Be7 10. Be2 Bb7 11. e5 Nd5 12. 0-0 0-0 13. Qc2 Nxc3 14. Qxc3 Nc6 15. Be3 b4 16. axb4 Bxb4 17. Qb3 a5 18. Bg5 Nxd4 19. Nxd4 Qxd4 20. Qg3 Be4 21. Rad1 Qb2 22. Bd3 Bg6 23. Bxg6 hxg6 24. Rd7 Bc3 25. Qf3 Qb5 26. Rxf7 Qxe5 27. Bf4 Qc5 28. Bxc7 Rxf7 29. Qxa8+ Rf8 30. Qb7 Bd4 31. Bg3 Qd5 32. Qxd5 exd5 33. h3 a4 34. Rd1 Bb2 35. Rxd5 Ra8 36. Bd6 a3 37. Bxa3 Rxa3 38. g3 Kf7 39. Rb5 Bd4 40. Rd5 Ra1+ 41. Kg2 Ra4 42. f4 Ke6 43. Rg5 Kf6 44. Rd5 Ra2+ 45. Kf3 Ra3+ 46. Ke4 Bf2 47. Rd6+ Kf7 48. Rd3 Rxd3 49. Kxd3 Bxg3 50. Ke3 1/2-1/2

[Event "IECG QN.2004.0.00320"]
[Site "IECG email"]
[Date "2004.04.04"]
[Round "?"]
[White "Davidson, Allan D"]
[Black "Sell, Phil"]
[Result "0-1"]
[WhiteElo "600"]
[BlackElo "934"]
[PlyCount "68"]
[EventDate "2004.04.04"]
[EventType "tourn (corr)"]
[EventRounds "6"]
[SourceTitle "Corr 2008"]
[Source "ChessBase"]
[SourceDate "2008.06.24"]
[SourceVersion "1"]
[SourceVersionDate "2008.06.24"]
[SourceQuality "1"]

1. e4 c5 2. d4 cxd4 3. Qxd4 Nc6 4. Qd5 Nb4 5. Qb3 e6 6. Bd2 a5 7. a4 d6 8. c3 Nc6 9. Bb5 Bd7 10. Nf3 Nf6 11. Ng5 h6 12. f3 hxg5 13. Bxg5 Rh5 14. h4 Qb6 15. Bc4 Qxb3 16. Bxb3 d5 17. g3 dxe4 18. fxe4 Nxe4 19. g4 Rh7 20. Bc2 f5 21. Bxe4 fxe4 22. Nd2 e3 23. Bxe3 Be7 24. 0-0-0 Ne5 25. Bg5 Bxg5 26. hxg5 Rxh1 27. Rxh1 0-0-0 28. Rh7 g6 29. Rh6 Bxa4 30. Rh1 Nd3+ 31. Kb1 Nf2 32. Rh6 Rxd2 33. Rxg6 Bb3 34. Rf6 Rd1# 0-1

[Event "IECG QN.2004.0.00320"]
[Site "IECG email"]
[Date "2004.04.04"]
[Round "?"]
[White "Sell, Phil"]
[Black "Venturas, Bob"]
[Result "1-0"]
[WhiteElo "934"]
[BlackElo "685"]
[PlyCount "105"]
[EventDate "2004.04.04"]
[EventType "tourn (corr)"]
[EventRounds "6"]
[SourceTitle "Corr 2008"]
[Source "ChessBase"]
[SourceDate "2008.06.24"]
[SourceVersion "1"]
[SourceVersionDate "2008.06.24"]
[SourceQuality "1"]

1. e4 e5 2. Nf3 Nc6 3. Bc4 g6 4. b3 a6 5. a4 Qf6 6. d3 h6 7. Nc3 Bb4 8. Bb2 d6 9. 0-0 h5 10. Nd5 Qd8 11. d4 Nf6 12. Ng5 Nxd5 13. Bc1 Nc3 14. Qf3 f6 15. Nf7 Qe7 16. Nxh8 Qg7 17. Bf7+ Ke7 18. d5 Nd4 19. Qd3 Qxh8 20. Bxg6 Bd7 21. f4 Rg8 22. f5 Be8 23. Bxe8 Kxe8 24. Bd2 Nce2+ 25. Kh1 Qg7 26. Rf2 Bxd2 27. Qxd2 h4 28. Rxe2 Nxe2 29. Qxe2 Qg4 30. Qxg4 Rxg4 31. Re1 Kd7 32. Kg1 c6 33. c4 h3 34. Re3 Rxg2+ 35. Kh1 Rb2 36. Rxh3 cxd5 37. cxd5 b5 38. axb5 axb5 39. Rg3 Rb1+ 40. Kg2 Rb2+ 41. Kh3 Re2 42. Rg7+ Kc8 43. Rg6 Rxe4 44. Rxf6 Re3+ 45. Kg4 Rxb3 46. h4 Kd7 47. Rf8 Rd3 48. h5 e4 49. h6 e3 50. h7 e2 51. h8Q e1Q 52. Rf7+ Qe7 53. Rxe7+ 1-0

[Event "IECG QN.2004.0.00320"]
[Site "IECG email"]
[Date "2004.04.04"]
[Round "?"]
[White "Venturas, Bob"]
[Black "Sell, Phil"]
[Result "1-0"]
[WhiteElo "685"]
[BlackElo "934"]
[PlyCount "61"]
[EventDate "2004.04.04"]
[EventType "tourn (corr)"]
[EventRounds "6"]
[SourceTitle "Corr 2008"]
[Source "ChessBase"]
[SourceDate "2008.06.24"]
[SourceVersion "1"]
[SourceVersionDate "2008.06.24"]
[SourceQuality "1"]

1. e4 e5 2. Nf3 Nc6 3. Bb5 a6 4. Bxc6 dxc6 5. Nc3 Bd6 6. d4 f6 7. dxe5 fxe5 8. Bg5 Nf6 9. Qd2 Bg4 10. Qe2 h6 11. Bh4 g5 12. Bg3 Qd7 13. h3 Bh5 14. Qd3 Bb4 15. Bxe5 0-0 16. Qc4+ Nd5 17. exd5 c5 18. 0-0-0 Bf7 19. a3 b5 20. Qe4 Ba5 21. d6 c6 22. Qe3 Qe6 23. Nxg5 hxg5 24. Qxg5+ Qg6 25. Ne4 Qxg5+ 26. Nxg5 Bd8 27. h4 Bg6 28. f4 Bxg5 29. hxg5 Kf7 30. g4 b4 31. f5 1-0

[Event "IECG QN.2002.0.00225"]
[Site "IECG email"]
[Date "2002.05.23"]
[Round "?"]
[White "Sell, Phil"]
[Black "Shah, Sehba"]
[Result "1-0"]
[WhiteElo "930"]
[BlackElo "878"]
[PlyCount "83"]
[EventDate "2002.05.23"]
[EventType "tourn (corr)"]
[EventRounds "6"]
[SourceTitle "Corr 2008"]
[Source "ChessBase"]
[SourceDate "2008.06.24"]
[SourceVersion "1"]
[SourceVersionDate "2008.06.24"]
[SourceQuality "1"]

1. e4 c5 2. Nf3 Nc6 3. Bb5 g6 4. d4 cxd4 5. Nxd4 Bg7 6. Be3 Nf6 7. Nc3 0-0 8. 0-0 a6 9. Be2 d6 10. Nxc6 bxc6 11. f4 Qc7 12. Bc4 Bb7 13. f5 Rad8 14. fxg6 hxg6 15. Qe2 d5 16. exd5 cxd5 17. Bd3 d4 18. Bf4 Qc6 19. Nd1 Nh5 20. Bg5 Rde8 21. Rf2 e5 22. Bc4 e4 23. Qf1 Qc7 24. Bf4 Nxf4 25. Rxf4 Be5 26. Rh4 Kg7 27. Nf2 Rh8 28. Rxh8 Rxh8 29. Ng4 Bxh2+ 30. Nxh2 Qxh2+ 31. Kf2 e3+ 32. Ke2 Qxg2+ 33. Qxg2 Bxg2 34. c3 Rh2 35. Kd3 f5 36. cxd4 f4 37. d5 Kf6 38. Kd4 Bh3 39. b4 Rd2+ 40. Kc3 g5 41. a4 e2 42. Kxd2 1-0

[Event "IECG QN.2001.0.00199"]
[Site "IECG email"]
[Date "2001.11.03"]
[Round "?"]
[White "Sell, Phil"]
[Black "Tremblay, Robin"]
[Result "1-0"]
[WhiteElo "800"]
[BlackElo "812"]
[PlyCount "31"]
[EventDate "2001.11.03"]
[EventType "tourn (corr)"]
[EventRounds "6"]
[SourceTitle "Corr 2008"]
[Source "ChessBase"]
[SourceDate "2008.06.24"]
[SourceVersion "1"]
[SourceVersionDate "2008.06.24"]
[SourceQuality "1"]

1. d4 d5 2. c4 dxc4 3. Nf3 Nf6 4. e3 b5 5. Nc3 c6 6. a4 Nd5 7. e4 Nxc3 8. bxc3 Nd7 9. Bg5 Nf6 10. Qc2 h6 11. Bh4 g5 12. Bg3 a5 13. Be2 g4 14. Ne5 Bd7 15. 0-0 h5 16. Nxd7 1-0

[Event "IECG QN.2001.0.00192"]
[Site "IECG email"]
[Date "2001.08.18"]
[Round "?"]
[White "Ramanan, NV."]
[Black "Sell, Phil"]
[Result "1-0"]
[WhiteElo "800"]
[BlackElo "800"]
[PlyCount "31"]
[EventDate "2001.08.18"]
[EventType "tourn (corr)"]
[EventRounds "6"]
[SourceTitle "Corr 2008"]
[Source "ChessBase"]
[SourceDate "2008.06.24"]
[SourceVersion "1"]
[SourceVersionDate "2008.06.24"]
[SourceQuality "1"]

1. e4 e5 2. Nf3 Nc6 3. Bc4 Nf6 4. Ng5 d5 5. exd5 Nxd5 6. Nxf7 Kxf7 7. Qf3+ Ke6 8. Nc3 Ncb4 9. Qe4 c6 10. a3 Qa5 11. d4 Bd6 12. dxe5 Bc7 13. 0-0 b5 14. Bb3 Bb7 15. Rd1 Na6 16. Nxd5 1-0

[Event "IECG QN.2001.0.00166"]
[Site "IECG email"]
[Date "2001.02.19"]
[Round "?"]
[White "Fixemer, Frank"]
[Black "Sell, Phil"]
[Result "0-1"]
[WhiteElo "800"]
[BlackElo "800"]
[PlyCount "58"]
[EventDate "2001.02.19"]
[EventType "tourn (corr)"]
[EventRounds "6"]
[SourceTitle "Corr 2008"]
[Source "ChessBase"]
[SourceDate "2008.06.24"]
[SourceVersion "1"]
[SourceVersionDate "2008.06.24"]
[SourceQuality "1"]

1. e4 e5 2. Nf3 Nc6 3. Bb5 Nf6 4. Bxc6 dxc6 5. d3 Bg4 6. 0-0 Bc5 7. Qe1 0-0 8. Be3 Nd7 9. Bxc5 Nxc5 10. Nxe5 Qg5 11. Nxg4 Qxg4 12. h3 Qh4 13. Nd2 Rfe8 14. Nf3 Qf4 15. Qd2 Ne6 16. Qxf4 Nxf4 17. Rfe1 Rad8 18. Kh2 Re6 19. g3 Nh5 20. a4 f6 21. g4 Nf4 22. Kg3 g5 23. Nd4 Rxd4 24. Ra3 f5 25. f3 fxg4 26. hxg4 Rh6 27. Kf2 Rh2+ 28. Ke3 c5 29. Rc3 Ng2+ 0-1

[Event "IECG QN.2001.0.00166"]
[Site "IECG email"]
[Date "2001.02.19"]
[Round "?"]
[White "Kinell, Mats"]
[Black "Sell, Phil"]
[Result "1-0"]
[WhiteElo "800"]
[BlackElo "800"]
[PlyCount "47"]
[EventDate "2001.02.19"]
[EventType "tourn (corr)"]
[EventRounds "6"]
[SourceTitle "Corr 2008"]
[Source "ChessBase"]
[SourceDate "2008.06.24"]
[SourceVersion "1"]
[SourceVersionDate "2008.06.24"]
[SourceQuality "1"]

1. e4 e5 2. Qh5 g6 3. Qxe5+ Be7 4. Qxh8 Kf8 5. d4 Bg5 6. Bxg5 Qxg5 7. Nc3 Nc6 8. Nd5 Nce7 9. Nf3 Qg4 10. Nf6 Qf4 11. e5 d5 12. h4 h6 13. Ng5 hxg5 14. hxg5 Qxd4 15. Rh7 Qxe5+ 16. Be2 Nc6 17. Qg7+ Ke7 18. Nxg8+ Kd6 19. Qf8+ Ke6 20. Qxf7+ Kd6 21. Qxc7+ Kc5 22. Qxe5 Nxe5 23. 0-0-0 Be6 24. Ne7 1-0

[Event "IECG QN.2001.0.00166"]
[Site "IECG email"]
[Date "2001.02.19"]
[Round "?"]
[White "Ronda, Achille"]
[Black "Sell, Phil"]
[Result "1-0"]
[WhiteElo "900"]
[BlackElo "800"]
[PlyCount "97"]
[EventDate "2001.02.19"]
[EventType "tourn (corr)"]
[EventRounds "6"]
[SourceTitle "Corr 2008"]
[Source "ChessBase"]
[SourceDate "2008.06.24"]
[SourceVersion "1"]
[SourceVersionDate "2008.06.24"]
[SourceQuality "1"]

1. e4 e5 2. Nf3 Nc6 3. Bb5 Nf6 4. 0-0 Bc5 5. Re1 Ng4 6. Rf1 0-0 7. d4 Bxd4 8. Nxd4 Nxd4 9. c3 Nxb5 10. Qxg4 d5 11. Qe2 c6 12. exd5 Qxd5 13. c4 Nd4 14. Qd3 Bf5 15. Qxf5 Qxg2+ 16. Kxg2 Nxf5 17. Re1 f6 18. Nc3 Nd4 19. Rb1 Rfd8 20. b3 Rd7 21. Na4 Nc2 22. Re2 Nd4 23. Rd2 b6 24. Bb2 c5 25. Rbd1 Rad8 26. Nc3 a6 27. f4 Rf7 28. Nd5 Rd6 29. fxe5 fxe5 30. Bxd4 exd4 31. Rf2 Rxf2+ 32. Kxf2 h6 33. Ke2 Re6+ 34. Kd3 g5 35. Rd2 Kg7 36. Re2 Rxe2 37. Kxe2 Kf7 38. Kd3 Ke6 39. Nxb6 Kd6 40. Nd5 h5 41. Nf6 g4 42. Nxh5 Ke5 43. Ng7 Kf4 44. Ne6+ Kf3 45. Nxc5 Kg2 46. Ne4 Kxh2 47. c5 g3 48. Nxg3 Kxg3 49. c6 1-0

[Event "IECG QN.2001.0.00166"]
[Site "IECG email"]
[Date "2001.02.19"]
[Round "?"]
[White "Sell, Phil"]
[Black "Ronda, Achille"]
[Result "0-1"]
[WhiteElo "800"]
[BlackElo "900"]
[PlyCount "62"]
[EventDate "2001.02.19"]
[EventType "tourn (corr)"]
[EventRounds "6"]
[SourceTitle "Corr 2008"]
[Source "ChessBase"]
[SourceDate "2008.06.24"]
[SourceVersion "1"]
[SourceVersionDate "2008.06.24"]
[SourceQuality "1"]

1. e4 e5 2. Nf3 Nc6 3. Nc3 Nf6 4. Bc4 Be7 5. d4 exd4 6. Nxd4 Nxd4 7. Qxd4 d6 8. 0-0 0-0 9. e5 Ng4 10. e6 Ne5 11. exf7+ Nxf7 12. Nd5 c6 13. Nf4 Bf6 14. Qe3 d5 15. Bb3 Re8 16. Qd3 Ne5 17. Qd1 Bg4 18. f3 Qb6+ 19. Kh1 Bf5 20. Nh5 Bh4 21. g3 Nxf3 22. Bf4 Nd4 23. Rf2 Nxb3 24. Kg1 Nxa1 25. gxh4 Nxc2 26. Bd2 Nd4 27. Ng3 Bc2 28. Qg4 Qxb2 29. Bh6 Ne6 30. Nf5 Bxf5 31. Rxf5 Qd4+ 0-1